Америка: книга для чтения на немецком языке
| Hovedforfatter: | |
|---|---|
| Andre forfattere: | |
| Summary: | На немецком языке Франц Кафка (1883-1924) — австрийский писатель.В романе "Америка" (1914) автор в гротескной и притчеобразной форме показал трагическое бессилие человека в его столкновении с абсурдностью современного мира. Оригинальный текст снабжен постраничными комментариями и словарем. |
| Sprog: | tysk russisk |
| Udgivet: |
Санкт-Петербург, Каро, 2016
|
| Serier: | Moderne Prosa |
| Fag: | |
| Format: | MixedMaterials Bog |
| KOHA link: | https://koha.lib.tpu.ru/cgi-bin/koha/opac-detail.pl?biblionumber=346154 |
MARC
| LEADER | 00000nam0a2200000 4500 | ||
|---|---|---|---|
| 001 | 346154 | ||
| 005 | 20231102005844.0 | ||
| 010 | |a 9785992511338 | ||
| 035 | |a (RuTPU)RU\TPU\book\378010 | ||
| 090 | |a 346154 | ||
| 100 | |a 20210604d2016 m y0rusy50 ca | ||
| 101 | 0 | |a ger |a rus | |
| 102 | |a RU | ||
| 105 | |a y j 001ay | ||
| 200 | 1 | |a Америка |d Amerika |e книга для чтения на немецком языке |f Ф. Кафка |g коммент. и словарь И. О. Ситниковой | |
| 210 | |a Санкт-Петербург |c Каро |d 2016 | ||
| 215 | |a 464 с. | ||
| 225 | 1 | |a Moderne Prosa | |
| 300 | |a На немецком языке | ||
| 320 | |a Worterverzeichnis: с. 444-462 | ||
| 330 | |a Франц Кафка (1883-1924) — австрийский писатель.В романе "Америка" (1914) автор в гротескной и притчеобразной форме показал трагическое бессилие человека в его столкновении с абсурдностью современного мира. Оригинальный текст снабжен постраничными комментариями и словарем. | ||
| 510 | 1 | |a Amerika |z ger | |
| 606 | 1 | |a Немецкий язык |x Хрестоматии. Книги для чтения |2 stltpush |3 (RuTPU)RU\TPU\subj\45393 |9 64635 | |
| 606 | 1 | |a Немецкая литература |2 stltpush |3 (RuTPU)RU\TPU\subj\45368 |9 64612 | |
| 610 | 1 | |a художественная литература | |
| 610 | 1 | |a чтение | |
| 610 | 1 | |a лексика | |
| 610 | 1 | |a хрестоматии | |
| 610 | 1 | |a адаптированные тексты | |
| 675 | |a 83 |v 3 | ||
| 686 | |a Ш143.24-922.8 |v LBC/SL-A |2 rubbk | ||
| 700 | 1 | |a Кафка |b Ф. |c австрийский писатель |f 1883-1924 |g Франц |2 stltpush |3 (RuTPU)RU\TPU\pers\494 |9 235 | |
| 702 | 1 | |a Ситникова |b И. О. |4 210 | |
| 801 | 1 | |a RU |b 63413507 |c 20210604 | |
| 801 | 2 | |a RU |b 63413507 |c 20210708 |g RCR | |
| 942 | |c BK | ||